[Event "Cinelandia Cortinhas Memorial 4th"]
[Site "Rio de Janeiro"]
[Date "2022.03.19"]
[Round "6"]
[White "Fernandes, Felipe Gambini"]
[Black "Mascarenhas, Alberto Pinheiro"]
[Result "1/2-1/2"]
[WhiteElo "1937"]
[BlackElo "2208"]
[PlyCount "49"]
[EventDate "2022.03.12"]
[EventType "swiss"]
[EventRounds "6"]
[EventCountry "BRA"]
[SourceTitle "EXT 2023"]
[Source "ChessBase"]
[SourceDate "2022.10.05"]
[SourceVersion "1"]
[SourceVersionDate "2022.10.05"]
[SourceQuality "1"]

1. d4 c5 2. d5 e5 3. c4 d6 4. Nc3 f5 5. g3 Nf6 6. Bg2 g6 7. e4 Bg7 8. Nge2 0-0 9. 0-0 fxe4 10. Bg5 h6 11. Bxf6 Qxf6 12. Nxe4 Qe7 13. N2c3 a6 14. a4 Nd7 15. a5 Nf6 16. Nxf6+ Bxf6 17. Ne4 Bg7 18. Qb3 Bf5 19. Qb6 Rfd8 20. Ra3 Rac8 21. Re1 Rd7 22. Rb3 Qf8 23. Rf3 Qe7 24. Rb3 Qf8 25. Rf3 1/2-1/2

[Event "Cinelandia Cortinhas Memorial 4th"]
[Site "Rio de Janeiro"]
[Date "2022.03.13"]
[Round "4"]
[White "Lima, Darcy Gustavo Macha"]
[Black "Mascarenhas, Alberto Pinheiro"]
[Result "1-0"]
[WhiteElo "2491"]
[BlackElo "2208"]
[PlyCount "78"]
[EventDate "2022.03.12"]
[EventType "swiss"]
[EventRounds "6"]
[EventCountry "BRA"]
[SourceTitle "CBM 207 Extra"]
[Source "ChessBase"]
[SourceDate "2022.05.31"]
[SourceVersion "1"]
[SourceVersionDate "2022.05.31"]
[SourceQuality "1"]

1. d4 d5 2. Nf3 Nf6 3. g3 c5 4. Bg2 Nc6 5. 0-0 e6 6. c4 Be7 7. cxd5 exd5 8. b3 Ne4 9. Bb2 Bf6 10. Nbd2 Bf5 11. Nxe4 dxe4 12. Nd2 Bxd4 13. Bxd4 Qxd4 14. e3 Qd3 15. Rc1 Rd8 16. Rxc5 Bg6 17. Rc2 0-0 18. a3 Rd5 19. Qb1 Rfd8 20. Nc4 f5 21. Qb2 Rb5 22. Rb1 Qd7 23. Bf1 Rd5 24. b4 Rd1 25. b5 Rxb1 26. Qxb1 Ne7 27. Qb2 h6 28. Rd2 Qc8 29. a4 Kh7 30. a5 Rxd2 31. Qxd2 Qc7 32. Qd4 Nc8 33. h4 Be8 34. b6 axb6 35. axb6 Qd7 36. Qc5 h5 37. Ne5 Qd8 38. Qc7 Qxc7 39. bxc7 b5 1-0

[Event "Rio de Janeiro Duchamp op 3rd"]
[Site "Rio de Janeiro"]
[Date "2019.12.07"]
[Round "1"]
[White "Nunes, Agatha Hurba"]
[Black "Mascarenhas, Alberto Pinheiro"]
[Result "0-1"]
[WhiteElo "1794"]
[BlackElo "2221"]
[PlyCount "108"]
[EventDate "2019.12.07"]
[EventType "swiss"]
[EventRounds "9"]
[EventCountry "BRA"]
[SourceTitle "EXT 2021"]
[Source "ChessBase"]
[SourceDate "2020.10.23"]
[SourceVersion "1"]
[SourceVersionDate "2020.10.23"]
[SourceQuality "1"]

1. d4 c5 2. e3 e6 3. c4 Nf6 4. Nf3 d5 5. Nc3 Nc6 6. Be2 dxc4 7. Bxc4 a6 8. a4 Be7 9. 0-0 cxd4 10. Nxd4 Nxd4 11. exd4 0-0 12. Be3 Qc7 13. Qe2 Bd6 14. h3 h6 15. Rac1 Qe7 16. Rfe1 Bd7 17. d5 e5 18. a5 Rfe8 19. Bb6 Rac8 20. Bb3 Bb4 21. Red1 Qd6 22. Rc2 Bc5 23. Na4 Bxb6 24. Nxb6 Rxc2 25. Qxc2 Qb4 26. Qc3 Qxc3 27. bxc3 Rd8 28. c4 Ne4 29. Re1 Nc5 30. Bc2 f6 31. Ra1 Kf7 32. g4 Ke7 33. Rb1 Kd6 34. Nxd7 Kxd7 35. f3 Kc7 36. Kf2 Rd6 37. Ke3 b6 38. axb6+ Rxb6 39. Rxb6 Kxb6 40. f4 Kc7 41. fxe5 fxe5 42. g5 a5 43. gxh6 gxh6 44. Kf3 a4 45. Kg4 a3 46. Bb1 Na4 47. Ba2 Nc3 48. Bb3 a2 49. Bxa2 Nxa2 50. Kf5 Kd6 51. c5+ Kxd5 52. h4 Nc3 53. c6 Nb5 54. h5 e4 0-1

[Event "Rio de Janeiro Padua Memorial 4th"]
[Site "Rio de Janeiro"]
[Date "2019.10.11"]
[Round "1"]
[White "Souza Jr, Helemberg Cubica De"]
[Black "Mascarenhas, Alberto Pinheiro"]
[Result "0-1"]
[WhiteElo "1729"]
[BlackElo "2212"]
[PlyCount "56"]
[EventDate "2019.10.11"]
[EventType "swiss"]
[EventRounds "5"]
[EventCountry "BRA"]
[SourceTitle "CBM 192 Extra"]
[Source "Chessbase"]
[SourceDate "2019.11.06"]
[SourceVersion "1"]
[SourceVersionDate "2019.11.06"]
[SourceQuality "1"]

1. e4 e6 2. d4 d5 3. Nc3 Bb4 4. e5 c5 5. Nf3 Nc6 6. Be3 Nge7 7. dxc5 Nf5 8. Bd2 Bxc5 9. Bd3 Nfd4 10. Nxd4 Bxd4 11. f4 a6 12. Qg4 g6 13. a3 b5 14. Ke2 Bc5 15. Nd1 Nd4+ 16. Ke1 Nf5 17. Bxf5 exf5 18. Qf3 Qd7 19. Nf2 Bb7 20. Nd3 Be7 21. Qf2 d4 22. Rd1 Qc6 23. Qxd4 Qxg2 24. Nf2 Bh4 25. Rf1 0-0 26. e6 Rfe8 27. Bc3 Rxe6+ 28. Kd2 Rd8 0-1

[Event "Rio de Janeiro Alex op"]
[Site "Rio de Janeiro"]
[Date "2016.06.18"]
[Round "3"]
[White "Maia, Marco Aurelio Ferre"]
[Black "Mascarenhas, Alberto Pinheiro"]
[Result "0-1"]
[WhiteElo "2085"]
[BlackElo "2206"]
[PlyCount "80"]
[EventDate "2016.06.12"]
[EventType "swiss"]
[EventRounds "6"]
[EventCountry "BRA"]
[SourceTitle "CBM 173 Extra"]
[Source "ChessBase"]
[SourceDate "2016.08.29"]
[SourceVersion "1"]
[SourceVersionDate "2016.08.29"]
[SourceQuality "1"]

1. d4 d5 2. c4 dxc4 3. Nf3 a6 4. a4 Nf6 5. e3 Bg4 6. Bxc4 e6 7. h3 Bh5 8. Nc3 Nc6 9. g4 Bg6 10. Nh4 Nb4 11. Nxg6 hxg6 12. Kf1 c5 13. Kg2 cxd4 14. exd4 Qc7 15. Qe2 Qc6+ 16. f3 Rd8 17. Be3 Nfd5 18. Nxd5 Nxd5 19. Rhc1 Qd7 20. Rd1 Be7 21. Bxd5 Qxd5 22. Bf4 0-0 23. Rac1 Rc8 24. Bc7 Qd7 25. Bb6 Bg5 26. Rc5 Rxc5 27. Bxc5 Rc8 28. a5 Qd5 29. b4 Rd8 30. b5 axb5 31. Qxb5 e5 32. Qe2 Bf6 33. Bb6 Rd7 34. Rc1 Kh7 35. Rc8 Re7 36. Bc5 Re6 37. dxe5 Rxe5 38. Qc2 Qe6 39. Bf2 Re2 40. Qc4 Qe3 0-1

[Event "Rio de Janeiro-ch"]
[Site "Rio de Janeiro"]
[Date "2014.02.??"]
[Round "6"]
[White "Mascarenhas, Alberto Pinheiro"]
[Black "Leite, Tarcisio Dantas Fro"]
[Result "1-0"]
[WhiteElo "2202"]
[BlackElo "1680"]
[PlyCount "75"]
[EventDate "2014.02.??"]
[EventType "swiss"]
[EventRounds "6"]
[EventCountry "BRA"]
[SourceTitle "EXT 2022"]
[Source "ChessBase"]
[SourceDate "2021.10.06"]
[SourceVersion "1"]
[SourceVersionDate "2021.10.06"]
[SourceQuality "1"]

1. c4 e5 2. Nc3 Nf6 3. g3 Nc6 4. Bg2 Bc5 5. a3 a5 6. e3 d6 7. Nge2 Bd7 8. h3 Qc8 9. d4 Ba7 10. d5 Ne7 11. e4 c6 12. Bg5 Neg8 13. dxc6 Qxc6 14. Qd3 h6 15. Bd2 Bc5 16. 0-0 Ne7 17. Nb5 Qb6 18. b4 axb4 19. Bxb4 Bxb5 20. cxb5 0-0 21. Bxc5 dxc5 22. a4 Rfd8 23. Qc3 Ng6 24. Rfc1 Rac8 25. Rab1 c4 26. a5 Qd6 27. Qb4 Qd3 28. Nc3 Nd7 29. Rd1 Qc2 30. Rb2 Qxb2 31. Qxb2 Nc5 32. Rxd8+ Rxd8 33. Bf1 Nd3 34. Qa2 Rc8 35. a6 bxa6 36. bxa6 Nb4 37. Qa4 Nxa6 38. Qxa6 1-0

[Event "Rio de Janeiro Estadual Mestres op"]
[Site "Rio de Janeiro"]
[Date "2013.12.07"]
[Round "6"]
[White "Mascarenhas, Alberto Pinheiro"]
[Black "Pinto Neto, Antonio de Padua"]
[Result "1-0"]
[WhiteElo "2220"]
[BlackElo "1920"]
[PlyCount "69"]
[EventDate "2013.11.30"]
[EventType "swiss"]
[EventRounds "7"]
[EventCountry "BRA"]
[SourceTitle "CBM 157 Extra"]
[Source "ChessBase"]
[SourceDate "2013.12.19"]
[SourceVersion "1"]
[SourceVersionDate "2013.12.19"]
[SourceQuality "1"]

1. c4 e6 2. e4 g6 3. Nc3 Bg7 4. d4 Ne7 5. Nf3 0-0 6. Be3 d5 7. Qd2 dxe4 8. Nxe4 Nf5 9. Bg5 Qd7 10. Nf6+ Bxf6 11. Bxf6 e5 12. dxe5 Qxd2+ 13. Kxd2 Nd7 14. Bd3 Nxf6 15. exf6 Be6 16. Bxf5 Bxf5 17. Ne5 Rad8+ 18. Kc3 Rfe8 19. Rhe1 c5 20. b3 Be6 21. Rad1 h5 22. Rxd8 Rxd8 23. Nxg6 fxg6 24. Rxe6 Kf7 25. Re7+ Kxf6 26. Rxb7 Re8 27. Rxa7 Re2 28. Rd7 Rxa2 29. Rd2 Ra1 30. h4 Rf1 31. Kb2 Kf5 32. b4 cxb4 33. c5 Re1 34. c6 Re6 35. c7 1-0

[Event "Rio de Janeiro Borensztajn op 2nd"]
[Site "Rio de Janeiro"]
[Date "2013.06.30"]
[Round "6"]
[White "Maia, Marco Aurelio Ferre"]
[Black "Mascarenhas, Alberto Pinheiro"]
[Result "1/2-1/2"]
[WhiteElo "2116"]
[BlackElo "2220"]
[PlyCount "83"]
[EventDate "2013.06.22"]
[EventType "swiss"]
[EventRounds "7"]
[EventCountry "BRA"]
[SourceTitle "EXT 2014"]
[Source "ChessBase"]
[SourceDate "2013.11.20"]
[SourceVersion "1"]
[SourceVersionDate "2013.11.20"]
[SourceQuality "1"]

1. d4 c5 2. d5 Nf6 3. c4 e5 4. Nc3 d6 5. e4 Nbd7 6. Nge2 Be7 7. Ng3 Nf8 8. Nf5 Bxf5 9. exf5 h5 10. Bd3 N8h7 11. Bd2 a6 12. a4 0-0 13. 0-0 Kh8 14. Ra3 Rg8 15. Bc2 g5 16. fxg6 fxg6 17. Qb1 g5 18. Bf5 Rg7 19. Nd1 b5 20. axb5 axb5 21. Rxa8 Qxa8 22. b3 Bf8 23. Ne3 bxc4 24. bxc4 Rb7 25. Qd3 Qa2 26. Bc3 Rb3 27. Ra1 Qxa1+ 28. Bxa1 Rxd3 29. Bxd3 g4 30. Nf5 Ng5 31. Bc3 Nf7 32. f3 gxf3 33. gxf3 Kg8 34. Bd2 e4 35. fxe4 Ne5 36. Be2 Nxe4 37. Be1 Kh7 38. Ng3 Nxg3 39. Bxg3 Kg6 40. Kf2 Be7 41. Ke3 h4 42. Bxe5 1/2-1/2

[Event "Rio de Janeiro Borensztajn op 2nd"]
[Site "Rio de Janeiro"]
[Date "2013.06.29"]
[Round "4"]
[White "De Carvalho, Jose Jorge"]
[Black "Mascarenhas, Alberto Pinheiro"]
[Result "1-0"]
[WhiteElo "2180"]
[BlackElo "2220"]
[PlyCount "65"]
[EventDate "2013.06.22"]
[EventType "swiss"]
[EventRounds "7"]
[EventCountry "BRA"]
[SourceTitle "EXT 2014"]
[Source "ChessBase"]
[SourceDate "2013.11.20"]
[SourceVersion "1"]
[SourceVersionDate "2013.11.20"]
[SourceQuality "1"]

1. e4 c5 2. Nf3 d6 3. Bc4 Nf6 4. d3 a6 5. 0-0 Nc6 6. a3 e6 7. Re1 Be7 8. Nbd2 0-0 9. Ba2 Re8 10. c3 Bf8 11. d4 Qc7 12. Nf1 h6 13. dxc5 dxc5 14. e5 Nd7 15. Qe2 b5 16. h4 Bb7 17. h5 c4 18. b4 cxb3 19. Bxb3 Rad8 20. Bc2 Na5 21. N1h2 Nc5 22. Nd4 Nc4 23. Ng4 Be7 24. a4 Nd7 25. axb5 axb5 26. Rb1 b4 27. Qd3 Nf8 28. Qg3 Kh8 29. Bxh6 gxh6 30. Nxh6 Bg5 31. Qxg5 Nh7 32. Bxh7 Kxh7 33. Ng4 1-0

[Event "Rio de Janeiro Borensztajn op 2nd"]
[Site "Rio de Janeiro"]
[Date "2013.06.22"]
[Round "1"]
[White "Mascarenhas, Alberto Pinheiro"]
[Black "Noseda, Francesco"]
[Result "1-0"]
[WhiteElo "2220"]
[BlackElo "1931"]
[PlyCount "119"]
[EventDate "2013.06.22"]
[EventType "swiss"]
[EventRounds "7"]
[EventCountry "BRA"]
[SourceTitle "EXT 2014"]
[Source "ChessBase"]
[SourceDate "2013.11.20"]
[SourceVersion "1"]
[SourceVersionDate "2013.11.20"]
[SourceQuality "1"]

1. d4 Nf6 2. c4 e6 3. g3 d5 4. Bg2 Be7 5. Nf3 0-0 6. 0-0 c6 7. b3 Nbd7 8. Nc3 Re8 9. Bb2 b6 10. Qc2 Bb7 11. Rfd1 Rc8 12. e4 dxe4 13. Nxe4 Nxe4 14. Qxe4 Nf6 15. Qc2 Qc7 16. Ne5 c5 17. Bxb7 Qxb7 18. Rd3 Rcd8 19. Rad1 cxd4 20. Bxd4 Nd7 21. Ba1 Nc5 22. Rxd8 Rxd8 23. Rxd8+ Bxd8 24. b4 Ne4 25. Qd3 Be7 26. f3 Nf6 27. a3 Qc7 28. Bc3 Qd6 29. Qxd6 Bxd6 30. Nc6 a6 31. a4 Nd7 32. a5 Bc7 33. axb6 Nxb6 34. c5 Nd5 35. Bd2 f6 36. Kf2 e5 37. Ke2 Kf7 38. Kd3 Ke6 39. Kc4 g6 40. g4 h5 41. gxh5 gxh5 42. h3 f5 43. Bc1 Nf6 44. Bg5 Nd7 45. Bh4 Nb8 46. Nxb8 Bxb8 47. b5 axb5+ 48. Kxb5 e4 49. fxe4 fxe4 50. Kc6 Kf5 51. Kb7 Be5 52. c6 Kf4 53. c7 Bxc7 54. Kxc7 Kf3 55. Be1 Kg2 56. h4 Kf1 57. Bb4 Kg2 58. Kd6 e3 59. Ke5 Kh3 60. Be1 1-0

[Event "Rio de Janeiro Fexerj op"]
[Site "Rio de Janeiro"]
[Date "2012.08.26"]
[Round "4"]
[White "Manzi, Luiz Antonio Bardao"]
[Black "Mascarenhas, Alberto Pinheiro"]
[Result "0-1"]
[WhiteElo "2104"]
[BlackElo "2261"]
[PlyCount "96"]
[EventDate "2012.08.25"]
[EventType "swiss"]
[EventRounds "7"]
[EventCountry "BRA"]
[SourceTitle "CBM 150 Extra"]
[Source "ChessBase"]
[SourceDate "2012.10.19"]
[SourceVersion "1"]
[SourceVersionDate "2012.10.19"]
[SourceQuality "1"]

1. e4 e5 2. Nf3 Nc6 3. Bb5 a6 4. Ba4 Nf6 5. 0-0 Be7 6. Re1 d6 7. h3 0-0 8. Bxc6 bxc6 9. d4 Nd7 10. Nbd2 Bf6 11. c3 Re8 12. Nf1 Rb8 13. g4 g6 14. Ng3 d5 15. Kh2 Bb7 16. Qc2 c5 17. dxe5 Bxe5 18. exd5 Bxd5 19. Bg5 f6 20. Nxe5 Nxe5 21. Rxe5 Rxe5 22. Bf4 Re7 23. Rd1 Rd7 24. Qa4 Rxb2 25. Ne4 c6 26. Rxd5 cxd5 27. Qxd7 Qxd7 28. Nxf6+ Kf7 29. Nxd7 Rxf2+ 30. Kg3 Rc2 31. c4 dxc4 32. Nxc5 Rxa2 33. Be5 Ra3+ 34. Kf4 a5 35. Ne4 Ke6 36. Ng5+ Kd5 37. Nxh7 Rxh3 38. Nf6+ Ke6 39. Ne4 Rh1 40. Bc3 Kd5 41. Bxa5 Rf1+ 42. Ke3 Ra1 43. Bc3 Ra3 44. g5 Ra8 45. Bf6 Re8 46. Kd2 Rxe4 47. Kc3 Rg4 48. Kb4 Rg3 0-1

[Event "Las Vegas National op"]
[Site "Las Vegas"]
[Date "2012.06.16"]
[Round "3"]
[White "Mascarenhas, Alberto Pinheiro"]
[Black "Helfst, Matt D"]
[Result "1-0"]
[WhiteElo "2246"]
[BlackElo "1930"]
[PlyCount "35"]
[EventDate "2012.06.15"]
[EventType "swiss"]
[EventRounds "9"]
[EventCountry "USA"]
[SourceTitle "CBM 148 Extra"]
[Source "ChessBase"]
[SourceDate "2012.06.22"]
[SourceVersion "1"]
[SourceVersionDate "2012.06.22"]
[SourceQuality "1"]

1. c4 e6 2. e4 d5 3. cxd5 exd5 4. exd5 Qxd5 5. Nc3 Qd7 6. Nf3 Bd6 7. Bb5 Nc6 8. 0-0 Nge7 9. d4 a6 10. Bd3 h6 11. Ne4 0-0 12. Bxh6 Nf5 13. Be3 Re8 14. Re1 Bb4 15. Re2 Rd8 16. a3 Ba5 17. Nc5 Qd6 18. Bxf5 1-0

[Event "Rio Convergencia final"]
[Site "Rio de Janeiro"]
[Date "2012.03.04"]
[Round "3"]
[White "Mascarenhas, Alberto Pinheiro"]
[Black "Costa, Carlos Evanir"]
[Result "1-0"]
[WhiteElo "2268"]
[BlackElo "2217"]
[PlyCount "51"]
[EventDate "2012.03.03"]
[EventType "tourn"]
[EventRounds "7"]
[EventCountry "BRA"]
[SourceTitle "EXT 2013"]
[Source "ChessBase"]
[SourceDate "2012.11.22"]
[SourceVersion "1"]
[SourceVersionDate "2012.11.22"]
[SourceQuality "1"]

1. c4 e5 2. Nc3 Nc6 3. g3 g6 4. Bg2 Bg7 5. e4 d6 6. d3 Be6 7. Nge2 Qd7 8. Nd5 Nce7 9. h4 h5 10. d4 c6 11. Nxe7 Qxe7 12. d5 cxd5 13. cxd5 Bd7 14. Qb3 b6 15. 0-0 Nh6 16. Bd2 0-0 17. Rac1 Rfc8 18. Nc3 f6 19. Nb5 Nf7 20. Rxc8+ Bxc8 21. Rc1 a6 22. Nc7 Rb8 23. Rc6 Bb7 24. Qxb6 Qd8 25. Nxa6 Bxc6 26. Qxb8 1-0

[Event "Rio Convergencia final"]
[Site "Rio de Janeiro"]
[Date "2012.03.04"]
[Round "4"]
[White "Mascarenhas, Alberto Pinheiro"]
[Black "Rodi, Luis Ernesto"]
[Result "1/2-1/2"]
[WhiteElo "2268"]
[BlackElo "2391"]
[PlyCount "29"]
[EventDate "2012.03.03"]
[EventType "tourn"]
[EventRounds "7"]
[EventCountry "BRA"]
[SourceTitle "EXT 2013"]
[Source "ChessBase"]
[SourceDate "2012.11.22"]
[SourceVersion "1"]
[SourceVersionDate "2012.11.22"]
[SourceQuality "1"]

1. d4 f5 2. Bg5 g6 3. Nc3 d5 4. Qd2 Bg7 5. f4 c6 6. Nf3 Be6 7. e3 Nd7 8. Ne5 Ngf6 9. Be2 Ne4 10. Nxe4 dxe4 11. Nxd7 Qxd7 12. Qb4 Kf7 13. 0-0 a5 14. Qa3 Qd6 15. Qxd6 1/2-1/2

[Event "Rio Convergencia final"]
[Site "Rio de Janeiro"]
[Date "2012.03.03"]
[Round "1"]
[White "Mascarenhas, Alberto Pinheiro"]
[Black "Maia, Marco Aurelio Ferre"]
[Result "1-0"]
[WhiteElo "2268"]
[BlackElo "2147"]
[PlyCount "65"]
[EventDate "2012.03.03"]
[EventType "tourn"]
[EventRounds "7"]
[EventCountry "BRA"]
[SourceTitle "EXT 2013"]
[Source "ChessBase"]
[SourceDate "2012.11.22"]
[SourceVersion "1"]
[SourceVersionDate "2012.11.22"]
[SourceQuality "1"]

1. c4 c6 2. Nf3 Nf6 3. b3 d5 4. Bb2 e6 5. e3 Nbd7 6. Qc2 Bd6 7. Nc3 a6 8. d4 b5 9. Bd3 b4 10. Na4 Bb7 11. c5 Bc7 12. Ne5 Nxe5 13. dxe5 Ng4 14. f4 Nxe3 15. Qd2 Nf5 16. 0-0-0 a5 17. g4 Nh4 18. Qf2 Ba6 19. Bxa6 Rxa6 20. Bd4 g6 21. Kb1 Qe7 22. Rd3 Bd8 23. Nb6 Qc7 24. Rh3 g5 25. fxg5 Ng6 26. Qe3 Be7 27. Rf3 Qd8 28. Qe2 Rxb6 29. cxb6 c5 30. Bxc5 Bxg5 31. b7 f6 32. Qb5+ Kf7 33. Bd6 1-0

[Event "Rio Convergencia final"]
[Site "Rio de Janeiro"]
[Date "2012.03.03"]
[Round "2"]
[White "Santos Filho, Tadeu Souza"]
[Black "Mascarenhas, Alberto Pinheiro"]
[Result "1-0"]
[WhiteElo "2085"]
[BlackElo "2268"]
[PlyCount "97"]
[EventDate "2012.03.03"]
[EventType "tourn"]
[EventRounds "7"]
[EventCountry "BRA"]
[SourceTitle "EXT 2013"]
[Source "ChessBase"]
[SourceDate "2012.11.22"]
[SourceVersion "1"]
[SourceVersionDate "2012.11.22"]
[SourceQuality "1"]

1. e4 c5 2. Nc3 e6 3. Nge2 a6 4. d4 cxd4 5. Nxd4 d6 6. g3 b5 7. Bg2 Bb7 8. a3 Nf6 9. Nb3 Nc6 10. 0-0 Be7 11. Be3 Ne5 12. Bc1 Nfd7 13. f4 Nc4 14. Nd4 Qb6 15. Kh1 Bf6 16. Nce2 Qc7 17. c3 Nc5 18. Qc2 h5 19. Re1 h4 20. g4 h3 21. Bf3 g6 22. Ng3 e5 23. Nb3 Na4 24. f5 Bh4 25. Nd2 gxf5 26. gxf5 Nc5 27. Nxc4 bxc4 28. Be3 Nd3 29. Re2 0-0-0 30. b3 Rdg8 31. Rg1 Qc6 32. Rd2 d5 33. Rxd3 cxd3 34. Qxd3 Bxg3 35. exd5 Qd6 36. hxg3 Qxa3 37. Bf2 f6 38. c4 h2 39. Re1 Qb2 40. Qe3 Qd4 41. Qe2 Qc3 42. c5 Qa5 43. c6 Ba8 44. Qe3 Qc7 45. Qc5 Rd8 46. Ra1 a5 47. Rxa5 Bxc6 48. dxc6 Qb8 49. c7 1-0

[Event "Rio de Janeiro ch CXG"]
[Site "Rio de Janeiro"]
[Date "2011.12.03"]
[Round "6.1"]
[White "Mascarenhas, Alberto Pinheiro"]
[Black "Von Buelow, Georg"]
[Result "0-1"]
[WhiteElo "2260"]
[BlackElo "2376"]
[PlyCount "64"]
[EventDate "2011.10.29"]
[EventType "swiss"]
[EventRounds "7"]
[EventCountry "BRA"]
[SourceTitle "EXT 2022"]
[Source "ChessBase"]
[SourceDate "2021.10.06"]
[SourceVersion "1"]
[SourceVersionDate "2021.10.06"]
[SourceQuality "1"]

1. d4 Nf6 2. c4 g6 3. Nc3 d5 4. cxd5 Nxd5 5. e4 Nxc3 6. bxc3 Bg7 7. Bg5 c5 8. Rc1 0-0 9. Nf3 Bg4 10. d5 Qd6 11. Be2 Nd7 12. 0-0 e6 13. Qd2 Bxf3 14. Bxf3 c4 15. Qe2 Ne5 16. Bf4 Rfe8 17. Rfd1 exd5 18. Rxd5 Qa3 19. Rc2 Nd3 20. Bd6 Qa4 21. g3 Rad8 22. e5 Bxe5 23. Rxe5 Nxe5 24. Bxe5 Rxe5 25. Qxe5 Qxc2 26. Kg2 Qf5 27. Qc7 Qc8 28. Qa5 a6 29. Qb6 Rd7 30. h4 Qc7 31. Qb4 b5 32. a3 Rd2 0-1

[Event "Rio de Janeiro IRT CXG BOTVINNIK"]
[Site "Rio de Janeiro"]
[Date "2011.09.10"]
[Round "4.1"]
[White "Mascarenhas, Alberto Pinheiro"]
[Black "Santos Filho, Tadeu Souza"]
[Result "1-0"]
[WhiteElo "2265"]
[BlackElo "2098"]
[PlyCount "73"]
[EventDate "2011.08.13"]
[EventType "swiss"]
[EventRounds "7"]
[EventCountry "BRA"]
[SourceTitle "EXT 2022"]
[Source "ChessBase"]
[SourceDate "2021.10.06"]
[SourceVersion "1"]
[SourceVersionDate "2021.10.06"]
[SourceQuality "1"]

1. d4 Nf6 2. c4 g6 3. Nc3 Bg7 4. e4 d6 5. Be2 0-0 6. Bg5 c5 7. d5 h6 8. Bh4 Na6 9. f4 Nc7 10. e5 Nfe8 11. Nf3 Bg4 12. Bg3 Bxf3 13. Bxf3 a6 14. a4 b5 15. axb5 axb5 16. Rxa8 Qxa8 17. cxb5 Qb7 18. Qe2 Na8 19. 0-0 Nec7 20. f5 g5 21. f6 exf6 22. exd6 Re8 23. Qc4 Nb6 24. Qxc5 Nca8 25. Qc6 Qd7 26. Bg4 f5 27. Bxf5 Qd8 28. d7 Re3 29. Qc8 Bf6 30. Ne4 Rxe4 31. Qxd8+ Bxd8 32. Bxe4 Nxd7 33. d6 Nab6 34. Bc6 Nf6 35. Be5 Ng4 36. Bd4 Nc8 37. h3 1-0

[Event "Rio de Janeiro Inverno"]
[Site "Rio de Janeiro"]
[Date "2011.09.04"]
[Round "7.4"]
[White "Ramos, Angelo Bil"]
[Black "Mascarenhas, Alberto Pinheiro"]
[Result "0-1"]
[WhiteElo "2104"]
[BlackElo "2265"]
[PlyCount "40"]
[EventDate "2011.08.10"]
[EventType "swiss"]
[EventRounds "7"]
[EventCountry "BRA"]
[SourceTitle "EXT 2022"]
[Source "ChessBase"]
[SourceDate "2021.10.06"]
[SourceVersion "1"]
[SourceVersionDate "2021.10.06"]
[SourceQuality "1"]

1. e4 e6 2. d4 c5 3. Nf3 cxd4 4. Nxd4 Nf6 5. Nc3 d6 6. Be3 a6 7. f3 b5 8. Qd2 Nbd7 9. 0-0-0 Bb7 10. g4 Nb6 11. g5 Nfd7 12. Qf2 Rc8 13. Kb1 Rxc3 14. bxc3 Na4 15. Qd2 Qc7 16. Ne2 Ne5 17. Bg2 Nc4 18. Qc1 d5 19. Rd3 Ba3 20. Qe1 Bb2 0-1